| 000 | 00724nam a2200229 i 4500 | ||
|---|---|---|---|
| 001 | 136540 | ||
| 003 | ES-MaACL | ||
| 005 | 20251128112250.0 | ||
| 007 | t| | ||
| 008 | 070214s1983 sp r ||||1| spa d | ||
| 100 | 1 |
_aRussell, Bertrand, _d1872-1970 _9101033 |
|
| 245 | 1 | 0 |
_aSignificado y verdad / _cBertrand Russell ; prólogo de Mario Bunge ; [traducción de Marco Aurelio Galmarini]. |
| 250 | _a1ª ed. | ||
| 260 |
_aBarcelona : _bAriel, _c1983. |
||
| 300 |
_a347 p. ; _c21 cm. |
||
| 490 | 1 | _aMethodos | |
| 700 | 1 |
_aGalmarini, Marco Aurelio. _953654 |
|
| 700 | 1 |
_aBunge, Mario, _d1919- _9165711 |
|
| 830 | 0 |
_aMethodos _9185744 |
|
| 852 |
_aES-MaACL _jL-5681 _bR.106153 |
||
| 999 |
_c136540 _d136540 |
||